Loading...
| Science - Chemistry | 0 | 7 | 1 | 1 | 65 | 80 | 103.57 | 1 | 7 |
| Science - Other Science | 0 | 4 | 0 | 0 | 40 | 82 | 105.00 | 0 | 3 |
| Fine Arts - Other Fine Arts | 0 | 4 | 0 | 0 | 40 | 83 | 93.25 | 2 | 3 |
| Fine Arts - Painting and Sculpture | 0 | 4 | 0 | 1 | 40 | 70 | 109.25 | 1 | 3 |
| Science - Physics | 0 | 5 | 2 | 0 | 40 | 72 | 106.20 | 0 | 3 |
| Literature - American Literature | 0 | 3 | 1 | 0 | 25 | 75 | 98.33 | 1 | 3 |
| Fine Arts - Classical Music | 0 | 2 | 0 | 0 | 20 | 50 | 66.50 | 1 | 2 |
| Social Science | 0 | 2 | 1 | 2 | 15 | 106 | 110.50 | 0 | 1 |
| Mythology | 0 | 2 | 1 | 0 | 15 | 71 | 91.50 | 1 | 2 |
| Religion | 0 | 2 | 1 | 0 | 15 | 60 | 74.50 | 2 | 2 |
| Science - Biology | 0 | 1 | 0 | 0 | 10 | 125 | 125.00 | 0 | 1 |
| Literature - World Literature | 0 | 1 | 0 | 0 | 10 | 111 | 111.00 | 0 | 1 |
| Literature - European Literature | 0 | 1 | 0 | 0 | 10 | 95 | 95.00 | 0 | 1 |
| Philosophy | 0 | 1 | 0 | 0 | 10 | 136 | 136.00 | 0 | 1 |
| Literature - British Literature | 0 | 1 | 1 | 0 | 5 | 129 | 129.00 | 0 | 1 |
| History - World History | 0 | 0 | 1 | 0 | -5 | 0.00 | 0 | 0 |